| 000 | 00516nam a2200145Ia 4500 | ||
|---|---|---|---|
| 008 | 140724s9999 xx 000 0 und d | ||
| 050 |
_aHF 5415.5 _b.Al346 2012 |
||
| 100 | _aAlcala, Michelle M. | ||
| 245 |
_aLevels of customer satisfaction in Allied Bank/ Aguilar Brance, Las Piñas City / _cMichelle M. Alcala. |
||
| 260 |
_aLas Piñas, Philippines : _bSouthville International School and Colleges, _cc2012. |
||
| 300 |
_a66 p. : _c28 cm. |
||
| 521 | _aHuman Resource Management | ||
| 942 | _cTH | ||
| 999 |
_c229057 _d229057 |
||